| 000 | 01846nam a22004817a 4500 | ||
|---|---|---|---|
| 001 | 000097159 | ||
| 003 | CHAP | ||
| 005 | 20220329143229.0 | ||
| 008 | 070511d2007 mx a r 00110 spa d | ||
| 010 | _a93625 | ||
| 011 | _a94597 | ||
| 035 | _a105192 | ||
| 040 | _cCHAP | ||
| 090 | _aTesis | ||
| 100 | 1 |
_aMajata Maldonado, E. Antonio. _926 |
|
| 245 | 1 | 0 |
_aDiseño, construcción y prueba de un dispositivo para determinar porosidad entre granos y semillas / _c/por Majata Maldonado, E. Antonio y Moreno Moreno Jose Abraham. |
| 260 |
_aChapingo, Méx. : _bEl autor, _c2007. |
||
| 300 |
_a126 h. ; : _bilus. ; cuadros. ; gráfs. |
||
| 502 | _aTesis (Ing. Mecánico Agrícola) -- UACH. Departamento de Ingeniería Mecánica Agrícola. | ||
| 590 |
_aALEPH _b10 _c20130110 _lUCH01 _h1518 |
||
| 590 |
_aBATCH-UPD _b10 _c20130110 _lUCH01 _h0419 |
||
| 590 |
_aBATCH-UPD _b10 _c20130110 _lUCH01 _h2212 |
||
| 590 |
_aBATCH-UPD _b10 _c20130410 _lUCH01 _h0054 |
||
| 590 |
_aBATCH-UPD _b10 _c20130410 _lUCH01 _h1515 |
||
| 590 |
_aBATCH-UPD _b10 _c20130914 _lUCH01 _h0915 |
||
| 590 |
_aBATCH-UPD _b10 _c20140324 _lUCH01 _h1502 |
||
| 590 |
_aBATCH-UPD _b10 _c20141002 _lUCH01 _h0834 |
||
| 590 |
_aBCCATTBE _b10 _c20130521 _lUCH01 _h1223 |
||
| 590 |
_aCONVERSION _b10 _c20130109 _lUCH01 _h1352 |
||
| 650 | 1 | 4 |
_aCereales _xSemilla. _921465 |
| 650 | 1 | 4 |
_aMaquinaria agrícola _xDiseño. _971168 |
| 650 | 1 | 4 |
_aPorosidad. _990937 |
| 650 | 1 | 4 |
_aSemillas hortícolas. _9103943 |
| 650 | 1 | 4 |
_aSemillas _xSelección. _9103931 |
| 700 | 1 |
_aMoreno Moreno, Jose Abraham. _932 |
|
| 856 |
_3Finding aid _uhttp://10.13.5.2/tesis/105192.pdf _zTeclea aquí |
||
| 901 | _aBK | ||
| 905 | _aLuis Gutiérrez Merin | ||
| 942 | _cCD | ||
| 942 | _n0 | ||
| 949 |
_aTesis _bBC _cTES _d33724002028165 _eTS1 _h46674 _i105192 _sb |
||
| 949 |
_aTesis _bBC _cTES _d33724002028173 _eTS2 _fc.2 _h46675 _i105192 _sb |
||
| 999 |
_c93625 _d93625 |
||